[Event "Bristol Spring 2017 Fide Open"]
[Site "Bristol"]
[Date "2017.02.25"]
[Round "3.2"]
[White "Bicknell, Carl"]
[Black "Villiers, Thomas"]
[Result "1/2-1/2"]
[WhiteElo "2082"]
[BlackElo "2145"]
[PlyCount "79"]
[EventDate "2017.02.24"]
[SourceTitle "Bristol Spring FO 2017"]
[Source "Dave Tipper"]
[SourceDate "2017.03.04"]
[SourceVersion "1"]
[SourceVersionDate "2017.03.04"]
[SourceQuality "2"]

1. e4 d5 2. exd5 Nf6 3. d4 Nxd5 4. c4 Nb6 5. Nc3 g6 6. Be3 Bg7 7. Nf3 O-O 8. h3
c6 9. Qd2 Re8 10. Be2 N6d7 11. O-O-O Nf6 12. Ne5 Be6 13. b3 Nbd7 14. Nd3 Bf5
15. g4 Ne4 16. Nxe4 Bxe4 17. f3 Bxd3 18. Bxd3 e5 19. Bc2 exd4 20. Bxd4 Ne5 21.
Bxe5 Qxd2+ 22. Rxd2 Bxe5 23. Rd7 b5 24. Bd3 Rad8 25. Rxd8 Rxd8 26. Rd1 b4 27.
Be4 Bf4+ 28. Kc2 Rxd1 29. Kxd1 c5 30. Ke2 Kg7 31. Bd5 Kf6 32. Kd3 Ke5 33. Bxf7
g5 34. Bg8 h6 35. Bd5 a5 36. Bc6 Bh2 37. Bd5 Bg1 38. Bc6 Kf4 39. Bd5 Bd4 40.
Bc6 1/2-1/2

[Event "Bristol Spring 2017 Fide Open"]
[Site "Bristol"]
[Date "2017.02.25"]
[Round "3.3"]
[White "Sanghera, Parminder"]
[Black "Timmins, Chris P"]
[Result "1-0"]
[WhiteElo "1996"]
[BlackElo "1788"]
[PlyCount "93"]
[EventDate "2017.02.24"]
[SourceTitle "Bristol Spring FO 2017"]
[Source "Dave Tipper"]
[SourceDate "2017.03.04"]
[SourceVersion "1"]
[SourceVersionDate "2017.03.04"]
[SourceQuality "2"]

1. Nf3 Nc6 2. d4 d5 3. c4 Bg4 4. Bf4 e6 5. c5 Bxf3 6. gxf3 g5 7. Bg3 Bg7 8. e3
Nge7 9. Bb5 a6 10. Ba4 Ng6 11. Nc3 O-O 12. Bxc6 bxc6 13. Qa4 e5 14. dxe5 Nxe5
15. Bxe5 Bxe5 16. Qxc6 d4 17. O-O-O dxc3 18. Rxd8 cxb2+ 19. Kc2 Rfxd8 20. Rg1
Rab8 21. Rxg5+ Kh8 22. Rg1 Rg8 23. Rf1 Rg2 24. Kb1 Rd8 25. Qe4 Bf6 26. Qc2 Rg5
27. e4 Bd4 28. Rd1 Rgg8 29. f4 Rd7 30. e5 Rgd8 31. Qf5 Kg8 32. Qh3 Rd5 33. Qh6
Bxf2 34. Qg5+ Kf8 35. Qxd8+ Rxd8 36. Rxd8+ Ke7 37. Rd3 Bxc5 38. Kxb2 Ke6 39.
Rh3 Bd4+ 40. Kb3 c5 41. Rxh7 Be3 42. Rh6+ Ke7 43. Rf6 Bg1 44. h4 Bf2 45. h5 Bg3
46. h6 Bh4 47. Rg6 1-0

[Event "Bristol Spring 2017 Fide Open"]
[Site "Bristol"]
[Date "2017.02.25"]
[Round "3.4"]
[White "Kramaley, David"]
[Black "Turner, Joseph David"]
[Result "1/2-1/2"]
[WhiteElo "1816"]
[BlackElo "1936"]
[PlyCount "131"]
[EventDate "2017.02.24"]
[SourceTitle "Bristol Spring FO 2017"]
[Source "Dave Tipper"]
[SourceDate "2017.03.04"]
[SourceVersion "1"]
[SourceVersionDate "2017.03.04"]
[SourceQuality "2"]

1. e4 Nc6 2. Nf3 d6 3. h3 g6 4. d4 Bg7 5. c3 e5 6. d5 Nce7 7. c4 f5 8. Nc3 Nf6
9. Bd3 O-O 10. O-O f4 11. Rb1 h6 12. Re1 g5 13. Nd2 g4 14. Bf1 a6 15. b4 Qe8
16. c5 Qg6 17. Kh1 Qh5 18. Nc4 f3 19. Kh2 gxh3 20. gxf3 dxc5 21. Be2 cxb4 22.
Rxb4 b5 23. Na5 Qh4 24. Be3 Ng4+ 25. Kh1 Nxe3 26. fxe3 Qf2 27. Rg1 Qxe3 28. Qe1
Kh7 29. Nd1 Qf4 30. Nf2 Bf6 31. Nd3 Qe3 32. Rb3 h2 33. Kxh2 Bg5 34. Qf2 Bf4+
35. Kh1 Qd2 36. Nxf4 Qxf4 37. Rbb1 Ng6 38. Rg3 Qh4+ 39. Qh2 Qxh2+ 40. Kxh2 Nf4
41. Bf1 Nh5 42. Rg2 Rxf3 43. Be2 Rh3+ 44. Kg1 Nf4 45. Rf2 Ra3 46. Nc6 Nh3+ 47.
Kg2 Nxf2 48. Kxf2 Bb7 49. Nxe5 Rf8+ 50. Bf3 Rxa2+ 51. Kg3 Rg8+ 52. Kf4 Rf8+ 53.
Kg3 Ra3 54. Rc1 Rg8+ 55. Kf4 Rg7 56. Bg4 Ra4 57. Bf5+ Kg8 58. Be6+ Kf8 59. Nd7+
Rxd7 60. Bxd7 Bxd5 61. Ke5 Bxe4 62. Rxc7 Bg2 63. Kf6 Rf4+ 64. Bf5 Rxf5+ 65.
Kxf5 Ke8 66. Ra7 1/2-1/2

[Event "Bristol Spring 2017 Fide Open"]
[Site "Bristol"]
[Date "2017.02.25"]
[Round "3.5"]
[White "Waddington, Mike P"]
[Black "Garcia Hernandez, Oscar"]
[Result "0-1"]
[WhiteElo "2073"]
[BlackElo "2013"]
[PlyCount "86"]
[EventDate "2017.02.24"]
[SourceTitle "Bristol Spring FO 2017"]
[Source "Dave Tipper"]
[SourceDate "2017.03.04"]
[SourceVersion "1"]
[SourceVersionDate "2017.03.04"]
[SourceQuality "2"]

1. c4 c5 2. Nc3 Nf6 3. g3 d5 4. cxd5 Nxd5 5. Bg2 Nc7 6. Nf3 Nc6 7. O-O e5 8. d3
Be7 9. Be3 O-O 10. Rc1 Bd7 11. Ne4 b6 12. a3 Rc8 13. Neg5 h6 14. Ne4 Ne6 15.
Nc3 Ned4 16. Nd2 Be6 17. Kh1 Qd7 18. f4 Bh3 19. Qe1 Bxg2+ 20. Kxg2 Nf5 21. Bg1
exf4 22. Rxf4 Bg5 23. Re4 Nfd4 24. e3 f5 25. Rf4 Bxf4 26. gxf4 Ne6 27. Nf3 Rfe8
28. Qg3 Rcd8 29. Rd1 b5 30. e4 Ned4 31. Nd5 Kh8 32. Bxd4 cxd4 33. Re1 fxe4 34.
dxe4 Rxe4 35. Rxe4 Qxd5 36. Qg6 d3 37. Kg3 Qd7 38. Re6 Nd4 39. Nxd4 d2 40. Nc6
d1=Q 41. Nxd8 Qg1+ 42. Kf3 Qxg6 43. Rxg6 Qd3+ 0-1

[Event "Bristol Spring 2017 Fide Open"]
[Site "Bristol"]
[Date "2017.02.25"]
[Round "3.6"]
[White "Chapman, Matt"]
[Black "Hamilton, Selwyn Ll"]
[Result "1-0"]
[WhiteElo "2035"]
[BlackElo "1750"]
[PlyCount "79"]
[EventDate "2017.02.24"]
[SourceTitle "Bristol Spring FO 2017"]
[Source "Dave Tipper"]
[SourceDate "2017.03.04"]
[SourceVersion "1"]
[SourceVersionDate "2017.03.04"]
[SourceQuality "2"]

1. e4 c5 2. Nf3 e6 3. d4 cxd4 4. Nxd4 Nc6 5. Be3 a6 6. Nc3 Qc7 7. Qd2 Nge7 8.
O-O-O Nxd4 9. Bxd4 Nc6 10. Be3 Ne5 11. f4 Nc4 12. Bxc4 Qxc4 13. Bd4 f6 14. g4
Bc5 15. e5 Qxd4 16. Qxd4 Bxd4 17. Rxd4 fxe5 18. fxe5 Ke7 19. Na4 b5 20. Nc5 Ra7
21. Rhd1 Rc7 22. b4 Rd8 23. Rd6 Rc6 24. Rxc6 dxc6 25. Rxd8 Kxd8 26. Kd2 Kc7 27.
Ke3 Kb6 28. h4 a5 29. a3 axb4 30. axb4 Kc7 31. Kf4 Kd8 32. Kg5 Bd7 33. h5 Be8
34. Nxe6+ Ke7 35. Nxg7 Bd7 36. e6 Bxe6 37. Nxe6 Kxe6 38. Kh6 Kf6 39. Kxh7 Kg5
40. Kg7 1-0

[Event "Bristol Spring 2017 Fide Open"]
[Site "Bristol"]
[Date "2017.02.25"]
[Round "3.7"]
[White "French, Max"]
[Black "Cordner, David A"]
[Result "0-1"]
[WhiteElo "1930"]
[BlackElo "1981"]
[PlyCount "74"]
[EventDate "2017.02.24"]
[SourceTitle "Bristol Spring FO 2017"]
[Source "Dave Tipper"]
[SourceDate "2017.03.04"]
[SourceVersion "1"]
[SourceVersionDate "2017.03.04"]
[SourceQuality "2"]

1. d4 Nf6 2. c4 e6 3. Nc3 Bb4 4. Qb3 Nc6 5. Nf3 d5 6. e3 O-O 7. Bd2 Bxc3 8.
Bxc3 Ne4 9. Bd3 Nxc3 10. Qxc3 dxc4 11. Bxc4 Bd7 12. O-O Qe7 13. a3 Rac8 14. b4
a6 15. Rab1 Na7 16. Ne5 Bb5 17. Rfc1 Bxc4 18. Qxc4 Nb5 19. Rb3 f6 20. Nd3 Nd6
21. Qc2 Rf7 22. Qb2 c6 23. f3 Re8 24. Rc5 g6 25. a4 Rd8 26. Ne1 Re8 27. Nc2 Rd8
28. Na3 Nc8 29. b5 Nb6 30. Rb4 a5 31. Nc4 axb4 32. Nxb6 e5 33. bxc6 bxc6 34.
Rxc6 exd4 35. e4 d3 36. Nd5 Rxd5 37. exd5 Qe1# 0-1

[Event "Bristol Spring 2017 Fide Open"]
[Site "Bristol"]
[Date "2017.02.25"]
[Round "3.8"]
[White "Meek, Stephen J"]
[Black "Matei, Ciprian"]
[Result "1-0"]
[WhiteElo "2024"]
[BlackElo "1886"]
[PlyCount "57"]
[EventDate "2017.02.24"]
[SourceTitle "Bristol Spring FO 2017"]
[Source "Dave Tipper"]
[SourceDate "2017.03.04"]
[SourceVersion "1"]
[SourceVersionDate "2017.03.04"]
[SourceQuality "2"]

1. e4 d5 2. exd5 Qxd5 3. Nc3 Qa5 4. d4 c6 5. Nf3 Nf6 6. Bc4 e6 7. Qe2 Be7 8.
Bd2 Qc7 9. O-O-O O-O 10. Ne5 b5 11. Bd3 Nbd7 12. f4 Bb4 13. Kb1 Bxc3 14. Bxc3
Nxe5 15. fxe5 Nd5 16. Bd2 b4 17. Qe4 g6 18. Bg5 Qb6 19. Ka1 Ba6 20. Bf6 Nxf6
21. exf6 Kh8 22. Bxa6 Qxa6 23. Rd3 Rad8 24. Qf4 Rd5 25. Qh6 Rg8 26. g4 Ra5 27.
a3 bxa3 28. b3 Qb6 29. g5 1-0

[Event "Bristol Spring 2017 Fide Open"]
[Site "Bristol"]
[Date "2017.02.25"]
[Round "3.9"]
[White "Fowler, Hugo"]
[Black "Chapman, Andrew N"]
[Result "1/2-1/2"]
[WhiteElo "1553"]
[BlackElo "2187"]
[PlyCount "44"]
[EventDate "2017.02.24"]
[SourceTitle "Bristol Spring FO 2017"]
[Source "Dave Tipper"]
[SourceDate "2017.03.04"]
[SourceVersion "1"]
[SourceVersionDate "2017.03.04"]
[SourceQuality "2"]

1. e4 e5 2. Nf3 Nc6 3. Bc4 Bc5 4. c3 Nf6 5. d3 d6 6. Bb3 Bg4 7. Nbd2 O-O 8. Nf1
d5 9. Qe2 Qd7 10. Ng3 Rad8 11. O-O dxe4 12. dxe4 Qd3 13. Bc4 Qxe2 14. Bxe2 Rfe8
15. Bg5 Rd6 16. h3 Bxf3 17. Bxf3 h6 18. Bxf6 Rxf6 19. Rad1 Rd6 20. Nf5 Rxd1 21.
Rxd1 Rd8 22. Rxd8+ Nxd8 1/2-1/2

[Event "Bristol Spring 2017 Fide Open"]
[Site "Bristol"]
[Date "2017.02.25"]
[Round "3.10"]
[White "Cherupalli, Ramprasad"]
[Black "Gazes, Matthew"]
[Result "1/2-1/2"]
[WhiteElo "1850"]
[BlackElo "2080"]
[PlyCount "47"]
[EventDate "2017.02.24"]
[SourceTitle "Bristol Spring FO 2017"]
[Source "Dave Tipper"]
[SourceDate "2017.03.04"]
[SourceVersion "1"]
[SourceVersionDate "2017.03.04"]
[SourceQuality "2"]

1. Nf3 f5 2. c4 Nf6 3. g3 g6 4. Bg2 Bg7 5. O-O O-O 6. Nc3 d6 7. d4 c6 8. Re1
Qc7 9. d5 e5 10. dxe6 Bxe6 11. Bf4 Rd8 12. c5 Ne8 13. Ng5 Qe7 14. cxd6 Nxd6 15.
Nxe6 Qxe6 16. Qc2 Na6 17. e4 Nb4 18. Qe2 fxe4 19. Nxe4 Nxe4 20. Bxe4 Kh8 21. a3
Nd5 22. Bxd5 Qxd5 23. Rad1 Qf7 24. Bg5 1/2-1/2

[Event "Bristol Spring 2017 Fide Open"]
[Site "Bristol"]
[Date "2017.02.25"]
[Round "3.11"]
[White "Sagues, Vincent"]
[Black "Howell, Oliver W"]
[Result "1-0"]
[WhiteElo "1923"]
[BlackElo "1771"]
[PlyCount "75"]
[EventDate "2017.02.24"]
[SourceTitle "Bristol Spring FO 2017"]
[Source "Dave Tipper"]
[SourceDate "2017.03.04"]
[SourceVersion "1"]
[SourceVersionDate "2017.03.04"]
[SourceQuality "2"]

1. e4 e6 2. d4 d5 3. Nd2 Nf6 4. e5 Nfd7 5. Bd3 c5 6. c3 Nc6 7. Ne2 cxd4 8. cxd4
f6 9. exf6 Nxf6 10. Nf3 Bd6 11. O-O O-O 12. Bf4 Bxf4 13. Nxf4 Ne4 14. g3 Qf6
15. h4 g5 16. hxg5 Nxg5 17. Nxg5 Qxg5 18. Ne2 e5 19. dxe5 Rf3 20. Qb3 Nd4 21.
Qxd5+ Be6 22. Qxd4 Rd8 23. Bxh7+ Kxh7 24. Qe4+ Rf5 25. Nd4 Rxd4 26. Qxd4 Rxe5
27. Qh4+ Qxh4 28. gxh4 Bd5 29. f4 Re2 30. Rf2 Re3 31. Rc1 Bc6 32. Kh2 Kh6 33.
f5 Kh5 34. f6 Kxh4 35. Rxc6 Rh3+ 36. Kg1 Rg3+ 37. Kf1 bxc6 38. f7 1-0

[Event "Bristol Spring 2017 Fide Open"]
[Site "Bristol"]
[Date "2017.02.25"]
[Round "3.12"]
[White "Waters, Andrew C"]
[Black "Bryant, Jon"]
[Result "1-0"]
[WhiteElo "1792"]
[BlackElo "1821"]
[PlyCount "67"]
[EventDate "2017.02.24"]
[SourceTitle "Bristol Spring FO 2017"]
[Source "Dave Tipper"]
[SourceDate "2017.03.04"]
[SourceVersion "1"]
[SourceVersionDate "2017.03.04"]
[SourceQuality "2"]

1. e4 g6 2. d4 Bg7 3. Nc3 d6 4. Bc4 Nf6 5. f3 c6 6. Nge2 O-O 7. g4 b5 8. Bb3 a6
9. Be3 Bb7 10. Qd2 Qc7 11. g5 Nfd7 12. O-O-O c5 13. Nd5 Bxd5 14. Bxd5 Nc6 15.
h4 Rac8 16. Bxc6 Qxc6 17. d5 Qc7 18. f4 b4 19. h5 c4 20. Nd4 c3 21. Qh2 f6 22.
hxg6 hxg6 23. Ne6 Qa5 24. Qh7+ Kf7 25. Qxg7+ Ke8 26. Qxg6+ Rf7 27. Rh8+ Nf8 28.
Rxf8+ Kd7 29. Rxc8 Kxc8 30. Qxf7 Qxa2 31. Qe8+ Kb7 32. Qxe7+ Kb8 33. Qc7+ Ka8
34. Qa7# 1-0

[Event "Bristol Spring 2017 Fide Open"]
[Site "Bristol"]
[Date "2017.02.26"]
[Round "4.1"]
[White "Sanghera, Parminder"]
[Black "Arkell, Keith C"]
[Result "0-1"]
[WhiteElo "1996"]
[BlackElo "2406"]
[PlyCount "82"]
[EventDate "2017.02.24"]
[SourceTitle "Bristol Spring FO 2017"]
[Source "Dave Tipper"]
[SourceDate "2017.03.04"]
[SourceVersion "1"]
[SourceVersionDate "2017.03.04"]
[SourceQuality "2"]

1. Nf3 Nf6 2. d4 e6 3. Bf4 c5 4. c3 Nc6 5. e3 d5 6. Nbd2 Bd6 7. Bg5 h6 8. Bh4
O-O 9. Be2 b6 10. O-O Bb7 11. Rc1 e5 12. dxe5 Nxe5 13. Nxe5 Bxe5 14. Nf3 Bc7
15. Qc2 Qe7 16. Rfd1 Rfe8 17. Bb5 Red8 18. Qe2 Qe6 19. Bd3 a6 20. Qc2 Re8 21.
Bf5 Qc6 22. b3 Rad8 23. a3 g5 24. Bg3 Bxg3 25. hxg3 Ne4 26. Ne5 Rxe5 27. Bxe4
Rxe4 28. Qxe4 dxe4 29. Rxd8+ Kg7 30. Rcd1 Bc8 31. c4 b5 32. R8d6 Qc7 33. Rd8
bxc4 34. bxc4 Be6 35. Ra8 Bxc4 36. Rdd8 Be6 37. Rg8+ Kf6 38. Rh8 c4 39. Rae8 c3
40. Rxh6+ Ke5 41. f4+ exf3 0-1

[Event "Bristol Spring 2017 Fide Open"]
[Site "Bristol"]
[Date "2017.02.26"]
[Round "4.2"]
[White "Dilleigh, Stephen P"]
[Black "Bicknell, Carl"]
[Result "1/2-1/2"]
[WhiteElo "2036"]
[BlackElo "2082"]
[PlyCount "32"]
[EventDate "2017.02.24"]
[SourceTitle "Bristol Spring FO 2017"]
[Source "Dave Tipper"]
[SourceDate "2017.03.04"]
[SourceVersion "1"]
[SourceVersionDate "2017.03.04"]
[SourceQuality "2"]

1. Nf3 Nf6 2. c4 b6 3. g3 Bb7 4. Bg2 g6 5. O-O Bg7 6. d4 O-O 7. Nc3 Ne4 8. Qc2
Nxc3 9. Qxc3 c5 10. Be3 Nc6 11. Qd2 Nxd4 12. Nxd4 Bxg2 13. Kxg2 cxd4 14. Bxd4
Bxd4 15. Qxd4 Rc8 16. Rfd1 d6 1/2-1/2

[Event "Bristol Spring 2017 Fide Open"]
[Site "Bristol"]
[Date "2017.02.26"]
[Round "4.3"]
[White "Cordner, David A"]
[Black "Villiers, Thomas"]
[Result "0-1"]
[WhiteElo "1981"]
[BlackElo "2145"]
[PlyCount "72"]
[EventDate "2017.02.24"]
[SourceTitle "Bristol Spring FO 2017"]
[Source "Dave Tipper"]
[SourceDate "2017.03.04"]
[SourceVersion "1"]
[SourceVersionDate "2017.03.04"]
[SourceQuality "2"]

1. d4 d5 2. c4 e5 3. dxe5 d4 4. Nf3 Nc6 5. g3 Bb4+ 6. Bd2 Bc5 7. Bg2 Nge7 8.
O-O O-O 9. a3 a5 10. e3 dxe3 11. Bxe3 Bxe3 12. fxe3 Ng6 13. Qxd8 Rxd8 14. Nc3
Ncxe5 15. Nxe5 Nxe5 16. Rad1 Bg4 17. Bxb7 Bxd1 18. Bxa8 Bg4 19. Bg2 Nxc4 20.
Bd5 Ne5 21. Rf4 g5 22. Rd4 Be6 23. Rd1 Bg4 24. Rd4 Kf8 25. Bg2 Rb8 26. h3 Bxh3
27. Rd5 Bxg2 28. Rxe5 Rxb2 29. Rxa5 h6 30. Rc5 c6 31. e4 Bh3 32. Rxc6 Rg2+ 33.
Kh1 Rxg3 34. Kh2 Re3 35. Rxh6 Be6 36. Nb5 Kg7 0-1

[Event "Bristol Spring 2017 Fide Open"]
[Site "Bristol"]
[Date "2017.02.26"]
[Round "4.4"]
[White "Turner, Joseph David"]
[Black "Chapman, Matt"]
[Result "1-0"]
[WhiteElo "1936"]
[BlackElo "2035"]
[PlyCount "153"]
[EventDate "2017.02.24"]
[SourceTitle "Bristol Spring FO 2017"]
[Source "Dave Tipper"]
[SourceDate "2017.03.04"]
[SourceVersion "1"]
[SourceVersionDate "2017.03.04"]
[SourceQuality "2"]

1. e4 c6 2. Nc3 d5 3. Nf3 Bg4 4. h3 Bxf3 5. Qxf3 e6 6. exd5 cxd5 7. Bb5+ Nc6 8.
O-O Nf6 9. Re1 Be7 10. d4 O-O 11. Be3 Qb6 12. Rab1 Rfc8 13. g4 Bb4 14. g5 Ne4
15. Bd3 Ne7 16. Nxe4 Bxe1 17. Rxe1 dxe4 18. Qxe4 g6 19. d5 Qd6 20. dxe6 Qxe6
21. Qxb7 Nc6 22. Qb3 Qxh3 23. Bf1 Qg4+ 24. Bg2 Ne5 25. Qd5 Re8 26. f3 Qf5 27.
Bf2 Rad8 28. Qb7 Rd7 29. Qe4 Qxe4 30. Rxe4 Rde7 31. Ra4 Rc8 32. c3 Nd3 33. Bh3
Rce8 34. Bd4 Nxb2 35. Ra6 Nc4 36. Bf6 Rb7 37. Kg2 Nb6 38. f4 Nd5 39. Be5 Nc7
40. Rc6 Ne6 41. a4 Rb2+ 42. Kg3 Ra2 43. Ra6 Nc5 44. Rxa7 Rxa4 45. Rc7 Ra5 46.
Bd4 Ne6 47. Bxe6 fxe6 48. Rg7+ Kf8 49. Rxh7 e5 50. Bxe5 Rexe5 51. fxe5 Rxe5 52.
Kf4 Rc5 53. Rh3 Kf7 54. Re3 Rf5+ 55. Kg4 Rc5 56. Rf3+ Kg7 57. Rg3 Kf7 58. Kf4
Ke6 59. Ke4 Rc4+ 60. Kd3 Rc5 61. c4 Ke5 62. Rf3 Rc6 63. Kc3 Ra6 64. Kb4 Ra1 65.
Rf6 Kd4 66. Rd6+ Ke5 67. Rxg6 Rb1+ 68. Kc5 Rc1 69. Rb6 Kf5 70. g6 Rg1 71. Kb5
Ke5 72. c5 Rb1+ 73. Kc6 Rg1 74. Kd7 Kd5 75. Ke7 Kxc5 76. Rf6 Kd5 77. Kf7 1-0

[Event "Bristol Spring 2017 Fide Open"]
[Site "Bristol"]
[Date "2017.02.26"]
[Round "4.5"]
[White "Garcia Hernandez, Oscar"]
[Black "Kramaley, David"]
[Result "1-0"]
[WhiteElo "2013"]
[BlackElo "1816"]
[PlyCount "75"]
[EventDate "2017.02.24"]
[SourceTitle "Bristol Spring FO 2017"]
[Source "Dave Tipper"]
[SourceDate "2017.03.04"]
[SourceVersion "1"]
[SourceVersionDate "2017.03.04"]
[SourceQuality "2"]

1. e4 e5 2. Bc4 Nf6 3. d3 Nc6 4. Nc3 Na5 5. Nge2 Nxc4 6. dxc4 Bb4 7. Qd3 d6 8.
Bg5 b6 9. O-O-O Bxc3 10. Nxc3 h6 11. Bxf6 gxf6 12. Nd5 Be6 13. Qf3 Bxd5 14.
cxd5 f5 15. exf5 Qg5+ 16. Kb1 O-O-O 17. h4 Qf4 18. Qxf4 exf4 19. Rd4 Rhg8 20.
Rg1 Rde8 21. Kc1 f3 22. g4 Re2 23. Rd2 Rge8 24. g5 hxg5 25. hxg5 Rxd2 26. Kxd2
Re2+ 27. Kd3 Rxf2 28. Ke3 Rxc2 29. Kxf3 Rh2 30. g6 fxg6 31. fxg6 Rh8 32. g7 Rg8
33. Kf4 Kd7 34. Kf5 c6 35. dxc6+ Kxc6 36. Ke6 Kc5 37. Kf7 Rxg7+ 38. Rxg7 1-0

[Event "Bristol Spring 2017 Fide Open"]
[Site "Bristol"]
[Date "2017.02.26"]
[Round "4.6"]
[White "Timmins, Chris P"]
[Black "Waddington, Mike P"]
[Result "0-1"]
[WhiteElo "1788"]
[BlackElo "2073"]
[PlyCount "48"]
[EventDate "2017.02.24"]
[SourceTitle "Bristol Spring FO 2017"]
[Source "Dave Tipper"]
[SourceDate "2017.03.04"]
[SourceVersion "1"]
[SourceVersionDate "2017.03.04"]
[SourceQuality "2"]

1. Nf3 f5 2. d4 Nf6 3. Bg5 Ne4 4. h4 d6 5. c3 h6 6. Bf4 g6 7. e3 Bg7 8. Qb3 e6
9. Nbd2 Nxd2 10. Nxd2 O-O 11. Bd3 Kh8 12. Nf3 Qe7 13. Bc4 Nc6 14. Qa3 Qe8 15.
O-O-O e5 16. dxe5 Nxe5 17. Nxe5 dxe5 18. Bg5 Be6 19. Qb3 Bxc4 20. Qxc4 Qf7 21.
Qa4 b5 22. Qb4 hxg5 23. hxg5+ Kg8 24. Qh4 Qe6 0-1

[Event "Bristol Spring 2017 Fide Open"]
[Site "Bristol"]
[Date "2017.02.26"]
[Round "4.7"]
[White "Bennett, Dominic L"]
[Black "Meek, Stephen J"]
[Result "0-1"]
[WhiteElo "1944"]
[BlackElo "2024"]
[PlyCount "88"]
[EventDate "2017.02.24"]
[SourceTitle "Bristol Spring FO 2017"]
[Source "Dave Tipper"]
[SourceDate "2017.03.04"]
[SourceVersion "1"]
[SourceVersionDate "2017.03.04"]
[SourceQuality "2"]

1. c4 g6 2. d4 Nf6 3. Nc3 Bg7 4. Bg5 c5 5. d5 d6 6. g3 Na6 7. Bg2 Nc7 8. Nf3 a6
9. a4 b6 10. O-O Rb8 11. e4 Ng4 12. Qe2 Bd7 13. Bf4 f6 14. h3 Ne5 15. Bxe5 fxe5
16. Nd1 b5 17. h4 bxa4 18. h5 O-O 19. hxg6 hxg6 20. Ne3 Bh6 21. Nh4 Kg7 22. Bf3
Ne8 23. Bh5 gxh5 24. Qxh5 Rf6 25. Nef5+ Kh7 26. Kg2 Ng7 27. Nxg7 Kxg7 28. Rh1
Qe8 29. Qe2 Bg5 30. Rh2 Bxh4 31. Rxh4 Rh6 32. Rxh6 Kxh6 33. Rh1+ Kg7 34. f4 Qg6
35. f5 Bxf5 36. exf5 Qxf5 37. Rf1 Qg6 38. Qf3 Rxb2+ 39. Kg1 Rb8 40. Rf2 Rh8 41.
Rb2 Qh5 42. g4 Qg5 43. Rf2 Qg6 44. Qg3 Qb1+ 0-1

[Event "Bristol Spring 2017 Fide Open"]
[Site "Bristol"]
[Date "2017.02.26"]
[Round "4.8"]
[White "Chapman, Andrew N"]
[Black "Sagues, Vincent"]
[Result "1/2-1/2"]
[WhiteElo "2187"]
[BlackElo "1923"]
[PlyCount "42"]
[EventDate "2017.02.24"]
[SourceTitle "Bristol Spring FO 2017"]
[Source "Dave Tipper"]
[SourceDate "2017.03.04"]
[SourceVersion "1"]
[SourceVersionDate "2017.03.04"]
[SourceQuality "2"]

1. d4 d5 2. c4 c6 3. Nc3 Nf6 4. Nf3 dxc4 5. a4 Bf5 6. e3 e6 7. Bxc4 Bb4 8. Bd2
Nbd7 9. Ne2 Bd6 10. Ng3 Bg6 11. O-O O-O 12. Re1 Ne4 13. Nxe4 Bxe4 14. Bc3 Qe7
15. Bd3 Bxd3 16. Qxd3 Rfd8 17. e4 e5 18. Qe3 f6 19. Rad1 Bc7 20. Rd3 exd4 21.
Bxd4 Ne5 1/2-1/2

[Event "Bristol Spring 2017 Fide Open"]
[Site "Bristol"]
[Date "2017.02.26"]
[Round "4.9"]
[White "Gazes, Matthew"]
[Black "Waters, Andrew C"]
[Result "1/2-1/2"]
[WhiteElo "2080"]
[BlackElo "1792"]
[PlyCount "114"]
[EventDate "2017.02.24"]
[SourceTitle "Bristol Spring FO 2017"]
[Source "Dave Tipper"]
[SourceDate "2017.03.04"]
[SourceVersion "1"]
[SourceVersionDate "2017.03.04"]
[SourceQuality "2"]

1. e4 Nf6 2. e5 Nd5 3. d4 d6 4. Nf3 dxe5 5. Nxe5 c6 6. Be2 Bf5 7. O-O Nd7 8.
Nf3 e6 9. c4 Nb4 10. Na3 Be7 11. Be3 O-O 12. Qd2 Na6 13. Nb1 Nf6 14. Nc3 Ne4
15. Nxe4 Bxe4 16. a3 Bf6 17. Rfd1 Bxf3 18. Bxf3 Qe7 19. Qa5 Rfd8 20. Rd2 Qc7
21. Qa4 g6 22. Rad1 Kg7 23. b4 Rac8 24. g3 Qe7 25. d5 cxd5 26. cxd5 exd5 27.
Bxd5 Rc3 28. Bxa7 Rd7 29. Bb6 Rd6 30. Qa5 h5 31. Kg2 h4 32. b5 Rxd5 33. Rxd5
Qe4+ 34. Kg1 h3 35. Kf1 Qg2+ 36. Ke2 Qxh2 37. R5d3 Rxd3 38. Kxd3 Nb8 39. Qe1
Nd7 40. Be3 Ne5+ 41. Ke2 Nc4 42. Qh1 Qxh1 43. Rxh1 Nxa3 44. b6 Nc4 45. Bc5 Bd8
46. Rxh3 Bxb6 47. Bxb6 Nxb6 48. Rh4 Nd5 49. Kd3 f5 50. Rd4 Nf6 51. Rb4 Ne4 52.
Rxb7+ Kf6 53. Ke3 Nc5 54. Rb5 Nd7 55. Ra5 Ne5 56. Ra6+ Kf7 57. Kd4 Nf3+ 1/2-1/2

[Event "Bristol Spring 2017 Fide Open"]
[Site "Bristol"]
[Date "2017.02.26"]
[Round "4.10"]
[White "Hamilton, Selwyn Ll"]
[Black "French, Max"]
[Result "1/2-1/2"]
[WhiteElo "1750"]
[BlackElo "1930"]
[PlyCount "145"]
[EventDate "2017.02.24"]
[SourceTitle "Bristol Spring FO 2017"]
[Source "Dave Tipper"]
[SourceDate "2017.03.04"]
[SourceVersion "1"]
[SourceVersionDate "2017.03.04"]
[SourceQuality "2"]

1. Nf3 Nf6 2. c4 e6 3. g3 b6 4. Bg2 Bb7 5. O-O Be7 6. Nc3 O-O 7. d4 d5 8. Qb3
dxc4 9. Qxc4 a6 10. Bf4 c5 11. dxc5 Bxc5 12. Rfd1 Qc8 13. Qb3 Nc6 14. Bd6 Na5
15. Qc2 Bxd6 16. Rxd6 Qc7 17. Rdd1 Rac8 18. Ne1 b5 19. Bxb7 Qxb7 20. a3 Nc4 21.
Qb3 Rc5 22. Nf3 e5 23. Nd2 Re8 24. Nxc4 Rxc4 25. a4 Rd4 26. axb5 Rb8 27. Rxa6
Nd7 28. Raa1 g6 29. e3 Rxd1+ 30. Rxd1 Nb6 31. Nd5 Nd7 32. Ne7+ Kg7 33. Nc6 Rc8
34. Qd5 Rc7 35. Nxe5 Qxd5 36. Rxd5 Nxe5 37. Rxe5 Rc2 38. Re8 Rxb2 39. Rb8 h5
40. h4 Kf6 41. Kg2 Ke6 42. b6 Kd6 43. b7 Ke7 44. Kf3 Rb4 45. e4 Kf6 46. Kf4 Rb5
47. f3 Rb4 48. g4 hxg4 49. fxg4 Rb3 50. e5+ Kg7 51. Kg5 Rb5 52. Kf4 Rb4+ 53.
Ke3 Rb1 54. h5 gxh5 55. gxh5 Rb5 56. Kf4 Rb1 57. h6+ Kh7 58. Kg5 Rb6 59. Kf5
Rb1 60. Kf6 Rf1+ 61. Ke7 Rb1 62. Kxf7 Rf1+ 63. Ke7 Rb1 64. e6 Rb2 65. Kd6 Rd2+
66. Ke5 Re2+ 67. Kd4 Rxe6 68. Rh8+ Kxh8 69. b8=Q+ Kh7 70. Qf8 Rg6 71. Ke5 Rg5+
72. Kf6 Rf5+ 73. Kxf5 1/2-1/2

[Event "Bristol Spring 2017 Fide Open"]
[Site "Bristol"]
[Date "2017.02.26"]
[Round "4.11"]
[White "Matei, Ciprian"]
[Black "Cherupalli, Ramprasad"]
[Result "0-1"]
[WhiteElo "1886"]
[BlackElo "1850"]
[PlyCount "50"]
[EventDate "2017.02.24"]
[SourceTitle "Bristol Spring FO 2017"]
[Source "Dave Tipper"]
[SourceDate "2017.03.04"]
[SourceVersion "1"]
[SourceVersionDate "2017.03.04"]
[SourceQuality "2"]

1. d4 d5 2. c4 c6 3. Nf3 Nf6 4. Nc3 dxc4 5. a4 Bf5 6. e3 Nbd7 7. Bxc4 e6 8. O-O
c5 9. Qb3 Nb6 10. Bb5+ Nbd7 11. Ne5 Bd6 12. Nxd7 Nxd7 13. dxc5 Bxc5 14. Rd1 e5
15. Qd5 Qe7 16. Qxb7 Rd8 17. Nd5 Qh4 18. b4 Bd6 19. Nc7+ Bxc7 20. Qxc7 O-O 21.
g3 Qg4 22. Bb2 Rc8 23. Qxa7 Qf3 24. Rac1 Be4 25. Kf1 Rc2 0-1